000 00602cam a2200205 a 4500
001 000018427
005 20200929165515.0
008 800215s1931 fr 000 1 fre d
020 _a2246179521
040 _aDO-SdBNP
_bfre
_cBNPHU
082 _a843.914
_bC471c
100 1 _aChardonne, Jacques,
_d1884-1968.
_939890
245 1 0 _aClaire :
_broman /
_cJacques Chardonne.
260 _aParis :
_bBernard Grasset,
_c1931.
300 _a231 p. ;
_c19 cm.
490 1 _aLes Cahiers Rouges
650 4 _aNovela francesa
_91075
650 4 _aLiteratura francesa
_91074
830 0 _aLes Cahiers Rouges
_939891
999 _c17948
_d17948